书目信息 |
| 题名: |
机械与结构振动
|
|
| 作者: | 贾启芬 , 刘习军 主编 | |
| 分册: | ||
| 出版信息: | 天津 天津大学出版社 2007.05 |
|
| 页数: | 294页 | |
| 开本: | 26cm | |
| 丛书名: | 普通高等教育"十一五"国家级规划教材 | |
| 单 册: | ||
| 中图分类: | TH113.1 | |
| 科图分类: | ||
| 主题词: | 机械振动--高等学校--教材 , 结构振动--高等学校--教材 | |
| 电子资源: | ||
| ISBN: | 978-7-5618-2437-5 | |
| 000 | 01216nam 2200289 450 | |
| 001 | 1034295184 | |
| 005 | 20100722093410.60 | |
| 010 | @a978-7-5618-2437-5@dCNY29.00 | |
| 100 | @a20100515d2007 km y0chiy0120 ea | |
| 101 | 0 | @achi |
| 102 | @aCN@b120000 | |
| 105 | @aa a 000yy | |
| 200 | 1 | @a机械与结构振动@Aji xie yu jie gou zhen dong@d= Mechanical and structural vibration@f贾启芬, 刘习军主编@Fjia qi fen,liu xi jun zhu bian@zeng |
| 210 | @a天津@c天津大学出版社@d2007.05 | |
| 215 | @a294页@c图@d26cm | |
| 225 | 2 | @a普通高等教育"十一五"国家级规划教材 |
| 320 | @a有书目 (第294页) | |
| 330 | @a本书包括三方面内容。一是结构振动和机械振动的基本理论,论述了基本概念、基本公式和基本方法;二是建模理论,引入动力学经典理论与分析力学原理进行建模、数值计算等;三是科研成果和工程实例,反映振动理论中力学系统的多种分析方法和原理以及振动理论在工程中应用的典型实例。 | |
| 410 | 0 | @12001 @a普通高等教育"十一五"国家级规划教材 |
| 510 | 1 | @aMechanical and structural vibration@zeng |
| 606 | 0 | @a机械振动@x高等学校@x教材 |
| 606 | 0 | @a结构振动@x高等学校@x教材 |
| 690 | @aTH113.1@v4 | |
| 701 | 0 | @a贾启芬@Ajia qi fen@4主编 |
| 701 | 0 | @a刘习军@Aliu xi jun@4主编 |
| 801 | 0 | @aCN@c20100515 |
| 905 | @dTH113.1@eJ243@f3 | |
| 机械与结构振动= Mechanical and structural vibration/贾启芬, 刘习军主编.-天津:天津大学出版社,2007.05 |
| 294页:图;26cm.-(普通高等教育"十一五"国家级规划教材) |
| ISBN 978-7-5618-2437-5:CNY29.00 |
| 本书包括三方面内容。一是结构振动和机械振动的基本理论,论述了基本概念、基本公式和基本方法;二是建模理论,引入动力学经典理论与分析力学原理进行建模、数值计算等;三是科研成果和工程实例,反映振动理论中力学系统的多种分析方法和原理以及振动理论在工程中应用的典型实例。 |
| ● |
| 相关链接 |
|
|
|
正题名:机械与结构振动
索取号:TH113.1/J243
 
预约/预借
| 序号 | 登录号 | 条形码 | 馆藏地/架位号 | 状态 | 备注 |